00285nam a22000857a 4500008004100000020001500041245009800056260003100154300001400185160815b xxu||||| |||| 00| 0 eng d a1444334272 aResearch Methods in Second Language Acquisition bA Practical Guide cedited by Alison Mackey aUSAbWiley-Blackwellc2012 avi, 326p.